CORT 1947 - Statistiques

Statistiques générales
  • Ce quiz a été pris 4 fois
  • Le résultat moyen est 7 sur 12
Statistiques - réponses
Hint Réponse % Correct
Attaquant Henri Hiltl
100%
Gardien Julien Darui
100%
Milieu de terrain Michel Lewandowski
100%
Milieu de terrain Stanislas Laczny
100%
Défenseur Droit César Urbaniak
50%
Entraîneur Charles Demeillez
50%
Défenseur Gauche Georges Deruelle
50%
Attaquant Marceau Stricanne
50%
Milieu de terrain Stanislas Sumera
50%
Attaquant Jacques Leenaert
0%
Milieu Gauche Lucien Leduc
0%
Milieu Droit Michel Frutuso
0%
Aucun quiz correspondant
Distribution des résultats
% des personnes avec chaque résultat
Percentile par nombre de réponses
Votre historique - résultats
Vous n’avez pas pris ce quiz